[Event "SR 2. liga A 2005/2006"]
[Site "?"]
[Date "2006.02.12"]
[Round "51.8"]
[White "Doucha, Ludvik"]
[Black "Vinarcik, Jan"]
[Result "1/2-1/2"]
[WhiteElo "2123"]
[BlackElo "2046"]
[PlyCount "82"]
[EventDate "2005.??.??"]

1. e4 e5 2. Nf3 Nc6 3. Bb5 a6 4. Ba4 d6 5. d4 b5 6. Bb3 exd4 7. c3 Na5 8. cxd4
Nxb3 9. Qxb3 Be6 10. d5 Bd7 11. O-O Be7 12. e5 dxe5 13. Nxe5 Bd6 14. Re1 Ne7
15. Nc6 Bxc6 16. dxc6 O-O 17. Bg5 Kh8 18. Bxe7 Bxe7 19. Nc3 f5 20. Rad1 Bd6 21.
Nd5 Qh4 22. g3 Qh3 23. f4 Rfe8 24. Qf3 Qh6 25. Kg2 Re6 26. Rxe6 Qxe6 27. Qe3
Qf7 28. Qf3 Re8 29. Rd2 Qe6 30. Nc3 Qf7 31. Qd5 Qf6 32. a3 h6 33. Qf3 Qf7 34.
Re2 Rxe2+ 35. Qxe2 Qb3 36. h4 Bxa3 37. bxa3 Qxc3 38. Qe8+ Kh7 39. h5 Qc2+ 40.
Kg1 Qc4 41. Qd7 Qc1+ 1/2-1/2

[Event "SR 2. liga A 2005/2006"]
[Site "?"]
[Date "2006.02.12"]
[Round "52.1"]
[White "Vlcek, Stanislav"]
[Black "Kozinka, Roman"]
[Result "1-0"]
[WhiteElo "2238"]
[BlackElo "2037"]
[PlyCount "61"]
[EventDate "2005.??.??"]

1. Nf3 Nf6 2. c4 e6 3. g3 d5 4. Bg2 Nbd7 5. b3 Bd6 6. Bb2 O-O 7. Nc3 c6 8. O-O
Re8 9. Qc2 a6 10. d4 dxc4 11. bxc4 e5 12. d5 cxd5 13. cxd5 b5 14. Nd2 Bb7 15.
Rac1 Rc8 16. Qb1 Nb6 17. e4 Nc4 18. Nxc4 Rxc4 19. Nd1 Ra4 20. Ne3 g6 21. Bc3 h5
22. Rfe1 Ng4 23. Bf3 Nxe3 24. Rxe3 h4 25. Bd1 Rc4 26. Bb2 Rxc1 27. Qxc1 hxg3
28. hxg3 Qa5 29. Bb3 Rc8 30. Qa1 Qd2 31. Bc3 1-0

[Event "SR 2. liga A 2005/2006"]
[Site "?"]
[Date "2006.02.12"]
[Round "52.2"]
[White "Halas, Miroslav"]
[Black "Petrik, Karol"]
[Result "0-1"]
[WhiteElo "2004"]
[BlackElo "2230"]
[PlyCount "80"]
[EventDate "2005.??.??"]

1. e4 c6 2. d4 g6 3. Bd3 Bg7 4. Ne2 d6 5. O-O e5 6. d5 cxd5 7. Bb5+ Bd7 8. Qxd5
Ne7 9. Qxb7 Nbc6 10. Rd1 Rb8 11. Qa6 Rb6 12. Qa4 a6 13. Bxc6 Bxc6 14. Qa3 Bxe4
15. c4 Rc6 16. Nbc3 Bf5 17. Be3 O-O 18. Rd2 Be6 19. Rad1 Bxc4 20. Rxd6 Rxd6 21.
Rxd6 Qc8 22. b3 Bxe2 23. Nxe2 Nf5 24. Rxa6 Rd8 25. Ng3 Bf8 26. Qa5 Rd1+ 27. Nf1
Nxe3 28. fxe3 Qf5 29. Qb5 Bh6 30. g3 Bxe3+ 31. Kg2 Qf2+ 32. Kh3 Qf5+ 33. Kg2
Qf2+ 34. Kh3 Qxf1+ 35. Qxf1 Rxf1 36. Kg4 Rf2 37. h3 h5+ 38. Kh4 Kg7 39. Ra4 Kh6
40. g4 Rg2 0-1

[Event "SR 2. liga A 2005/2006"]
[Site "?"]
[Date "2006.02.12"]
[Round "52.3"]
[White "Petreje, Juraj"]
[Black "Stetina, Erik"]
[Result "1/2-1/2"]
[WhiteElo "2181"]
[BlackElo "1871"]
[PlyCount "110"]
[EventDate "2005.??.??"]

1. d4 Nf6 2. Nf3 e6 3. Bg5 Be7 4. e3 O-O 5. Nbd2 d5 6. Bd3 b6 7. Qe2 Bb7 8. Ne5
c5 9. c3 Nfd7 10. Bxe7 Qxe7 11. f4 a5 12. O-O Ba6 13. Rf3 Bxd3 14. Nxd3 Nc6 15.
Rh3 f6 16. Qf3 Qf7 17. Rf1 e5 18. e4 c4 19. exd5 Nxd4 20. cxd4 cxd3 21. Qxd3
Qg6 22. Qxg6 hxg6 23. fxe5 fxe5 24. Rxf8+ Rxf8 25. dxe5 Nxe5 26. Re3 Ng4 27.
Re4 Nf6 28. Rd4 Rd8 29. d6 b5 30. Nf3 Kf7 31. Ng5+ Ke8 32. Ne6 Rc8 33. Nc7+ Kd7
34. h3 b4 35. a4 bxa3 36. bxa3 Ne8 37. Nxe8 Rxe8 38. Rd5 Ra8 39. Kf2 Ra6 40.
Ke3 Rxd6 41. Rxa5 Ke6 42. h4 Rb6 43. Kf4 Kf6 44. g3 Rc6 45. Kg4 Rc4+ 46. Kh3
Rd4 47. Ra6+ Kf5 48. g4+ Kf4 49. Rxg6 Rd3+ 50. Kg2 Rxa3 51. Rxg7 Rg3+ 52. Kh2
Rxg4 53. Rf7+ Ke5 54. Kh3 Rf4 55. Ra7 Kf5 1/2-1/2

[Event "SR 2. liga A 2005/2006"]
[Site "?"]
[Date "2006.02.12"]
[Round "52.4"]
[White "Bukovsky, Milan"]
[Black "Sukuba, Zdeno"]
[Result "1/2-1/2"]
[WhiteElo "2030"]
[BlackElo "2108"]
[PlyCount "52"]
[EventDate "2005.??.??"]

1. c4 c5 2. Nc3 g6 3. Nf3 Bg7 4. g3 e5 5. Bg2 Nc6 6. O-O Nge7 7. Nd5 d6 8. d3
Nxd5 9. cxd5 Ne7 10. e4 O-O 11. Bg5 h6 12. Be3 Kh7 13. Qd2 f5 14. Nh4 g5 15.
Nxf5 Bxf5 16. exf5 Nxf5 17. Be4 Kh8 18. Qe2 Qe8 19. Kg2 Qf7 20. Qf3 Ne7 21.
Qxf7 Rxf7 22. g4 Bf6 23. h4 Kg7 24. h5 Ng8 25. a3 Bd8 26. b4 Nf6 1/2-1/2

[Event "SR 2. liga A 2005/2006"]
[Site "?"]
[Date "2006.02.12"]
[Round "52.5"]
[White "Kebis, Milos"]
[Black "Klanica, Anton"]
[Result "0-1"]
[WhiteElo "2038"]
[BlackElo "1906"]
[PlyCount "98"]
[EventDate "2005.??.??"]

1. d4 Nf6 2. c4 e5 3. d5 Bb4+ 4. Bd2 Qe7 5. a3 Bxd2+ 6. Qxd2 d6 7. Nc3 Bf5 8.
e3 Ne4 9. Nxe4 Bxe4 10. f3 Bg6 11. Ne2 Nd7 12. Ng3 Nc5 13. Rd1 f5 14. b4 Nd7
15. Be2 Qh4 16. f4 O-O 17. O-O Qe7 18. e4 exf4 19. Nxf5 Bxf5 20. exf5 Rae8 21.
Rf2 Qe3 22. Kf1 Re4 23. Qc2 Rd4 24. Rf3 Rxd1+ 25. Qxd1 Qe5 26. Bd3 Re8 27. Qb1
Qd4 28. Be2 Re3 29. Rxe3 fxe3 30. g3 b6 31. Qd1 Qe4 32. Kg1 Qxf5 33. Qf1 Qe5
34. Bg4 Nf6 35. Be2 Ne4 36. Qf3 Nc3 37. Kf1 Nb1 38. Kg2 Nc3 39. Qg4 Nxe2 40.
Qxe2 Qe4+ 41. Kh3 g6 42. g4 g5 43. Kg3 h6 44. h3 Kh7 45. Kh2 Kg6 46. Kg1 Kf6
47. Qf1+ Ke5 48. Qa1+ Qd4 49. Qf1 e2+ 0-1

[Event "SR 2. liga A 2005/2006"]
[Site "?"]
[Date "2006.02.12"]
[Round "52.6"]
[White "Bahna, Jan"]
[Black "Mandak, Miroslav"]
[Result "0-1"]
[WhiteElo "1989"]
[BlackElo "2072"]
[PlyCount "86"]
[EventDate "2005.??.??"]

1. e4 c6 2. d4 d5 3. e5 Bf5 4. Bd3 Bxd3 5. Qxd3 e6 6. Nf3 Qc7 7. O-O c5 8. c3
Nc6 9. Be3 Nge7 10. a3 a5 11. Nh4 h6 12. f4 c4 13. Qc2 g6 14. g4 h5 15. g5 b5
16. Nd2 Nc8 17. b4 cxb3 18. Qxb3 Rb8 19. Kh1 Be7 20. Rf3 a4 21. Qc2 Rg8 22. Nf1
Nb6 23. Ng3 Nc4 24. Bc1 N6a5 25. Nxh5 Nb3 26. Rb1 gxh5 27. Qh7 Kd7 28. Qxf7
Rbf8 29. Qxh5 Nxc1 30. Rxc1 Nd2 31. Rf2 Ne4 32. Rf3 Kc8 33. Ng6 Rf7 34. Nh8
Rfg7 35. g6 Kb7 36. f5 exf5 37. Rxf5 Qd7 38. Rf7 Rxf7 39. Nxf7 Qe6 40. Nh8 Nf2+
41. Kg2 Qg4+ 42. Qxg4 Nxg4 43. Kg3 Nh6 0-1

[Event "SR 2. liga A 2005/2006"]
[Site "?"]
[Date "2006.02.12"]
[Round "52.7"]
[White "Povysil, Peter"]
[Black "Sturdik, Igor"]
[Result "1-0"]
[WhiteElo "2058"]
[BlackElo "2028"]
[PlyCount "55"]
[EventDate "2005.??.??"]

1. Nf3 Nf6 2. e3 d5 3. d4 e6 4. Bd3 c5 5. c3 Nc6 6. O-O Bd6 7. Nbd2 Bd7 8. dxc5
Bxc5 9. b4 Bd6 10. b5 Ne5 11. Nxe5 Bxe5 12. Ba3 Bxc3 13. Nf3 Ne4 14. Rc1 Bf6
15. Qb3 Be7 16. Rfd1 Nd6 17. Ne5 f6 18. Nxd7 Qxd7 19. e4 O-O 20. exd5 e5 21.
Qc2 g6 22. Bxg6 f5 23. Qc7 Qxc7 24. Rxc7 hxg6 25. Rxe7 Nxb5 26. Bb2 Rfe8 27.
Rxb7 Rad8 28. Rxb5 1-0

[Event "SR 2. liga A 2005/2006"]
[Site "?"]
[Date "2006.02.12"]
[Round "52.8"]
[White "Steinecker, Frantisek"]
[Black "Bukovcak, Jaroslav"]
[Result "1/2-1/2"]
[WhiteElo "1350"]
[BlackElo "1865"]
[PlyCount "94"]
[EventDate "2005.??.??"]

1. e4 e6 2. Nc3 d5 3. d4 dxe4 4. Nxe4 Nd7 5. Nf3 Ndf6 6. Bd3 Nxe4 7. Bxe4 Nf6
8. Bd3 Bb4+ 9. c3 Be7 10. Bf4 O-O 11. Qc2 g6 12. O-O-O Nh5 13. Bh6 Ng7 14. h4
Re8 15. g4 f5 16. Bxg7 Kxg7 17. g5 Bd6 18. Ne5 Bxe5 19. dxe5 Qe7 20. f4 Bd7 21.
Qe2 Bc6 22. Rh3 Red8 23. h5 Rh8 24. Qh2 Bd5 25. c4 Bc6 26. hxg6 hxg6 27. Rh6
Qe8 28. Rd2 Rd8 29. Qh3 Qg8 30. Rh2 Rxh6 31. Qxh6+ Kf7 32. Kc2 Rd7 33. b4 Re7
34. b5 Bf3 35. Qh7+ Kf8 36. Qh8 Rg7 37. Kc3 Qxh8 38. Rxh8+ Rg8 39. Rh6 Kg7 40.
Rh3 Bg2 41. Rh2 Bf3 42. c5 Bd5 43. a4 Rh8 44. Rxh8 Kxh8 45. Bc4 Bxc4 46. Kxc4
b6 47. a5 Kg7 1/2-1/2

[Event "SR 2. liga A 2005/2006"]
[Site "?"]
[Date "2006.02.12"]
[Round "53.1"]
[White "Likavsky, Tomas"]
[Black "Tepper, Frantisek"]
[Result "1-0"]
[WhiteElo "2493"]
[BlackElo "2182"]
[PlyCount "79"]
[EventDate "2005.??.??"]

1. d4 Nf6 2. c4 c5 3. d5 e5 4. Nc3 d6 5. e4 Be7 6. Nf3 Nbd7 7. Qc2 Nf8 8. g3
Ng6 9. Bd2 h6 10. h3 O-O 11. Bd3 Nh7 12. h4 Re8 13. Nh2 Bd7 14. f3 a6 15. Nf1
Rb8 16. a4 b6 17. Ne3 Qc8 18. O-O-O Qc7 19. Rdf1 Rb7 20. f4 exf4 21. gxf4 Ngf8
22. Rhg1 Bf6 23. Ng4 Bxg4 24. Rxg4 Bd4 25. Rg2 Qd7 26. Rf3 Qd8 27. Be1 f5 28.
h5 Kh8 29. Ne2 fxe4 30. Bxe4 b5 31. Nxd4 cxd4 32. Bf2 Nf6 33. Bd3 bxc4 34. Bxc4
Rc7 35. Bxd4 Re1+ 36. Kd2 Rh1 37. b3 Qe8 38. Bxf6 Qe1+ 39. Kd3 Qe4+ 40. Kxe4
1-0

[Event "SR 2. liga A 2005/2006"]
[Site "?"]
[Date "2006.02.12"]
[Round "53.2"]
[White "Fabry, Robert"]
[Black "Polasek, Filip"]
[Result "1-0"]
[WhiteElo "2205"]
[BlackElo "2068"]
[PlyCount "71"]
[EventDate "2005.??.??"]

1. b3 e5 2. Bb2 d6 3. d4 exd4 4. Qxd4 Nc6 5. Qd2 Bf5 6. Nc3 Nf6 7. Nd5 Nxd5 8.
Qxd5 Qd7 9. e4 Be6 10. Qd2 a6 11. Nf3 f6 12. Nd4 Nxd4 13. Qxd4 b5 14. Be2 Be7
15. O-O O-O 16. Rfd1 c5 17. Qe3 Rad8 18. a4 f5 19. axb5 axb5 20. exf5 Bxf5 21.
Ra5 d5 22. Bxb5 Qc7 23. Rda1 d4 24. Qe2 Bd6 25. g3 Qe7 26. Qd2 Qe4 27. b4 cxb4
28. Bd3 Qf3 29. Bxf5 Rxf5 30. Qxd4 Rd7 31. Rxf5 Qxf5 32. Ra7 Bc5 33. Qc4+ Kf8
34. Ra8+ Ke7 35. Qe2+ Kf7 36. Qe8# 1-0

[Event "SR 2. liga A 2005/2006"]
[Site "?"]
[Date "2006.02.12"]
[Round "53.3"]
[White "Hecko, Dusan"]
[Black "Janos, Jozef"]
[Result "1-0"]
[WhiteElo "2122"]
[BlackElo "2227"]
[PlyCount "137"]
[EventDate "2005.??.??"]

{A28: English Opening: Four Knights Variation} 1. c4 e5 2. Nc3 Nc6 3. Nf3 Nf6
4. d4 exd4 5. Nxd4 d6 6. Nxc6 ({Kniz. Fritz} 6. g3 Be7 7. Bg2 Nxd4 8. Qxd4)
6... bxc6 7. g3 Be7 8. Bg2 Bd7 9. O-O O-O 10. b3 Re8 11. Bb2 Bf8 12. Qd4 a5 13.
Rfe1 Ra6 14. c5 dxc5 15. Qc4 Qc8 16. Na4 Be6 17. Qc2 Nd7 18. Ba3 c4 19. Bxf8
cxb3 20. axb3 Nxf8 21. Nc5 Rb6 22. Rxa5 Bf5 23. Qc3 Bg4 24. e3 Bh3 25. Bh1 Rd8
26. Na4 Rb5 27. Bxc6 Rxa5 28. Qxa5 Qe6 29. Qc3 Ng6 30. f4 Rb8 31. b4 Rxb4 32.
Qxb4 Qxc6 33. Re2 h6 34. Nc5 Bg4 (34... Qf3 $5 35. Qe1 Qh5 36. Rc2 $16) 35. Rd2
$18 Kh7 36. Qc3 Qb5 37. Nd3 Qb1+ 38. Qc1 Qb6 39. Rc2 Qb5 40. Nf2 Be6 41. Rc5
Qd7 42. Rxc7 Qe8 43. e4 Bd7 44. Qd2 Bb5 45. Qd5 Kg8 46. Qc5 Bd7 47. Qd6 Nf8 48.
Rb7 Qe6 49. Qxe6 Bxe6 50. Rb8 g6 51. g4 f6 52. Kg2 Kg7 53. Kf3 Bf7 54. Nd3 g5
55. f5 h5 56. gxh5 Bxh5+ 57. Ke3 Nh7 58. h3 Bd1 59. Rb7+ Kg8 60. Nf2 Bh5 61.
Kd4 Bf3 62. Kd5 Be2 63. Ke6 Bc4+ 64. Ke7 Kg7 65. Rc7 Ba2 66. Ng4 Bb1 67. Ke8+
Kg8 68. Rxh7 $1 {logicky koniec} Kxh7 69. Ke7 (69. Ke7 Kh8 70. Nf2 $18) 1-0

[Event "SR 2. liga A 2005/2006"]
[Site "?"]
[Date "2006.02.12"]
[Round "53.4"]
[White "Hebelka, Milos"]
[Black "Hanzluvka, Peter"]
[Result "1/2-1/2"]
[WhiteElo "2102"]
[BlackElo "2032"]
[PlyCount "131"]
[EventDate "2005.??.??"]

1. e4 c5 2. Nf3 d6 3. Bb5+ Bd7 4. a4 a6 5. Bc4 Nf6 6. d3 Nc6 7. c3 g6 8. O-O
Bg7 9. Na3 O-O 10. h3 Qc7 11. Bd2 e6 12. Ba2 d5 13. Re1 dxe4 14. dxe4 Nh5 15.
Rc1 Rfd8 16. b4 Ne5 17. Nxe5 Bxe5 18. Nc4 Bh2+ 19. Kh1 b5 20. Ne3 Be5 21. a5
Nf4 22. Bb1 c4 23. Ng4 Bg7 24. Qf3 Nh5 25. Nh6+ Bxh6 26. Bxh6 Bc6 27. Qe3 Bb7
28. Rcd1 Qc6 29. Bc2 Ng7 30. Qg5 Qc7 31. Bxg7 Kxg7 32. e5 Rxd1 33. Rxd1 Bd5 34.
h4 Qd8 35. Qg3 Ra7 36. h5 Rd7 37. Rd4 Bc6 38. hxg6 hxg6 39. Rh4 f5 40. Qh3 Qg8
41. Qe3 Kf7 42. Qg5 Ke8 43. Qf6 Rh7 44. Kg1 Rxh4 45. Qxh4 g5 46. Qd4 Qg7 47. g4
Qh6 48. Kf1 Qh1+ 49. Ke2 Bf3+ 50. Kd2 Bxg4 51. Qe3 Qd5+ 52. Kc1 f4 53. Qa7 Qxe5
54. Qxa6 Qxc3 55. Qxb5+ Kf7 56. Kb1 e5 57. a6 Be6 58. Qc5 Qa3 59. Qc7+ Kf6 60.
Qd8+ Kf7 61. Qxg5 Qxb4+ 62. Kc1 Qe1+ 63. Bd1 c3 64. Qh5+ Ke7 65. Qe2 Qxe2 66.
Bxe2 1/2-1/2

[Event "SR 2. liga A 2005/2006"]
[Site "?"]
[Date "2006.02.12"]
[Round "53.5"]
[White "Pagerka, Martin"]
[Black "Mikulas, Dusan"]
[Result "1/2-1/2"]
[WhiteElo "1849"]
[BlackElo "2151"]
[PlyCount "43"]
[EventDate "2005.??.??"]

1. e4 e5 2. Nf3 Nc6 3. Bb5 a6 4. Ba4 Nf6 5. O-O Be7 6. Re1 b5 7. Bb3 O-O 8. c3
d5 9. exd5 Nxd5 10. d4 exd4 11. Nxd4 Nxd4 12. Qxd4 Bb7 13. Nd2 Bf6 14. Qg4 Re8
15. Rd1 Qe7 16. Nf3 Qe2 17. Bd2 Nb6 18. Qf4 Bxf3 19. Qxf3 Qxf3 20. gxf3 Nc4 21.
Bxc4 bxc4 22. Be3 1/2-1/2

[Event "SR 2. liga A 2005/2006"]
[Site "?"]
[Date "2006.02.12"]
[Round "53.6"]
[White "Kolman, Richard"]
[Black "Diviak, Rudolf"]
[Result "1-0"]
[WhiteElo "2096"]
[BlackElo "1959"]
[PlyCount "121"]
[EventDate "2005.??.??"]

1. d4 Nf6 2. Nf3 d6 3. c4 g6 4. Nc3 Bg7 5. Bf4 O-O 6. e3 Nbd7 7. Be2 Re8 8. O-O
e5 9. dxe5 Nxe5 10. Nxe5 dxe5 11. Qxd8 Rxd8 12. Bxe5 Bf5 13. Rfd1 Bc2 14. Rxd8+
Rxd8 15. Rc1 Rd2 16. Kf1 Bf5 17. Rd1 Rxd1+ 18. Bxd1 c6 19. Ke2 Kf8 20. b4 Ke7
21. Bb3 Bh6 22. c5 Nd7 23. Bd4 Nf6 24. h3 Be6 25. Bxf6+ Kxf6 26. Ne4+ Ke7 27.
Nd6 b6 28. Bxe6 Kxe6 29. Kd3 bxc5 30. bxc5 Bf8 31. Nb7 Be7 32. Kc4 Kd7 33. g4
Kc7 34. Na5 Kd7 35. f4 Bh4 36. Nb7 Bf2 37. Kd4 Be1 38. Nd6 f6 39. Ne4 Ke6 40.
Nd6 Kd7 41. Nc4 Ke6 42. e4 Bf2+ 43. Ne3 Ke7 44. f5 gxf5 45. exf5 Kf7 46. Ke4
Kg7 47. Nc4 Bxc5 48. Na5 Kh6 49. Nxc6 Kg5 50. Kd5 Ba3 51. Ke6 a6 52. Ne7 Bb2
53. Nd5 a5 54. Nxf6 h6 55. Ne8 h5 56. f6 hxg4 57. f7 Ba3 58. Nd6 Bxd6 59. Kxd6
gxh3 60. f8=Q Kg4 61. Qf2 1-0

[Event "SR 2. liga A 2005/2006"]
[Site "?"]
[Date "2006.02.12"]
[Round "53.7"]
[White "Pericka, Tomas"]
[Black "Hecht, Tomas"]
[Result "1-0"]
[WhiteElo "1945"]
[BlackElo "1973"]
[PlyCount "87"]
[EventDate "2005.??.??"]

1. e4 c5 2. Nf3 Nc6 3. d4 cxd4 4. Nxd4 g6 5. Bc4 Bg7 6. Be3 Nf6 7. Nc3 Ne5 8.
Be2 d5 9. exd5 Nxd5 10. Nxd5 Qxd5 11. Nb5 Qxd1+ 12. Rxd1 O-O 13. Nc7 Be6 14.
Nxa8 Rxa8 15. O-O f5 16. Bd4 Rc8 17. c3 Kf7 18. f4 Nc4 19. Bxg7 Kxg7 20. Bxc4
Rxc4 21. Rd4 Rxd4 22. cxd4 Bxa2 23. Ra1 Bd5 24. Rxa7 h6 25. Kf2 g5 26. g3 Kg6
27. Ke3 Kh5 28. h3 e6 29. Ra8 Bg2 30. fxg5 Kxg5 31. Rg8+ Kf6 32. h4 Kf7 33. Rc8
Kf6 34. Kf4 b5 35. Rb8 Bf1 36. Rb6 Bc4 37. b4 Ke7 38. Ke5 Kf7 39. Rb7+ Kg6 40.
Re7 Kh5 41. Rxe6 Bxe6 42. Kxe6 f4 43. gxf4 Kxh4 44. f5 1-0

[Event "SR 2. liga A 2005/2006"]
[Site "?"]
[Date "2006.02.12"]
[Round "53.8"]
[White "Milanov, Jasen"]
[Black "Diviak, Rastislav"]
[Result "1-0"]
[WhiteElo "1988"]
[BlackElo "1973"]
[PlyCount "89"]
[EventDate "2005.??.??"]

1. c4 g6 2. Nc3 Bg7 3. g3 d6 4. Bg2 Nf6 5. e3 O-O 6. Nge2 e5 7. O-O c6 8. Rb1
Be6 9. d3 d5 10. cxd5 cxd5 11. b3 Nc6 12. Ba3 Re8 13. Qd2 Qd7 14. Nb5 Bf8 15.
Bxf8 Rxf8 16. f4 Qe7 17. Rbc1 a6 18. fxe5 Nxe5 19. Nbd4 Rac8 20. Nxe6 fxe6 21.
d4 Nf7 22. Nc3 Nd6 23. Qd3 Rcd8 24. Rce1 Qd7 25. Bh3 Nde4 26. Na4 Qd6 27. Qe2
Rde8 28. Rc1 e5 29. dxe5 Rxe5 30. Nc3 Rh5 31. Nxe4 Nxe4 32. Rxf8+ Kxf8 33. Qf1+
Kg7 34. Bg2 Rxh2 35. Qf4 Rh5 36. Rc7+ Kh8 37. Rc8+ Kg7 38. Rc7+ Kh8 39. Qf7
Rh1+ 40. Kxh1 Nxg3+ 41. Kg1 Ne2+ 42. Kf1 Ng3+ 43. Ke1 Qb4+ 44. Kd1 Qg4+ 45. Bf3
1-0

[Event "SR 2. liga A 2005/2006"]
[Site "?"]
[Date "2006.02.12"]
[Round "54.1"]
[White "Ruckschloss, Karol"]
[Black "Matejovic, Juraj"]
[Result "1/2-1/2"]
[WhiteElo "2292"]
[BlackElo "2248"]
[PlyCount "73"]
[EventDate "2005.??.??"]

1. c4 e5 2. Nc3 Nc6 3. g3 Nf6 4. Bg2 Bc5 5. e3 O-O 6. Nge2 a6 7. d4 exd4 8.
exd4 Ba7 9. O-O d6 10. h3 Re8 11. a3 Bf5 12. b4 Ne4 13. Be3 Qd7 14. Kh2 Nxc3
15. Nxc3 Nd8 16. Re1 c6 17. Qd2 f6 18. d5 c5 19. f4 b5 20. g4 Bg6 21. f5 Bf7
22. cxb5 axb5 23. a4 Rxe3 24. Rxe3 cxb4 25. Nxb5 Bxe3 26. Qxe3 Nb7 27. Nd4 Qe8
28. Ne6 Rxa4 29. Rxa4 Qxa4 30. Qb6 Qa1 31. Qxb7 Qe5+ 32. Kg1 Qe3+ 33. Kf1 Qd3+
34. Kf2 Qd2+ 35. Kf3 Qd3+ 36. Kf4 Qd2+ 37. Kg3 1/2-1/2

[Event "SR 2. liga A 2005/2006"]
[Site "?"]
[Date "2006.02.12"]
[Round "54.2"]
[White "Hrivnak, Martin"]
[Black "Provaznik, Michal"]
[Result "1/2-1/2"]
[WhiteElo "2177"]
[BlackElo "2164"]
[PlyCount "115"]
[EventDate "2005.??.??"]

1. Nf3 Nf6 2. c4 g6 3. Nc3 d6 4. d4 Bg7 5. e4 Nbd7 6. Be2 c6 7. e5 dxe5 8. dxe5
Ng4 9. e6 Nde5 10. Qxd8+ Kxd8 11. Nxe5 Nxe5 12. f4 Bxe6 13. fxe5 Bxe5 14. O-O
f5 15. Be3 Ke8 16. Rad1 h6 17. Bd4 Bxd4+ 18. Rxd4 Kf7 19. c5 Rae8 20. Ra4 a6
21. Rb4 Bc8 22. Na4 e5 23. Nb6 Re7 24. Nc4 Kg7 25. Rf3 e4 26. Rfb3 Kf6 27. Nd6
Be6 28. Bc4 Bxc4 29. Nxc4 Rhh7 30. Kf2 f4 31. Nd6 e3+ 32. Ke2 g5 33. Nxb7 Re5
34. Rd4 Kf5 35. h3 h5 36. Nd6+ Ke6 37. Rbb4 Rg7 38. Re4 Rg8 39. Rxe5+ Kxe5 40.
Re4+ Kd5 41. Re8 Rg6 42. Kf3 Kxc5 43. Ne4+ Kc4 44. Nc3 Kd3 45. h4 Kc2 46. hxg5
Rxg5 47. Ne2 Kxb2 48. a4 c5 49. Re4 Kb3 50. Nxf4 c4 51. Rxe3+ Kxa4 52. Ne6 Rf5+
53. Ke4 Rf2 54. g3 Kb4 55. Nf4 Rh2 56. Nd5+ Kc5 57. Rc3 Rh3 58. Ne3 1/2-1/2

[Event "SR 2. liga A 2005/2006"]
[Site "?"]
[Date "2006.02.12"]
[Round "54.3"]
[White "Horak, Ivan"]
[Black "Chovanec, Vladimir"]
[Result "1-0"]
[WhiteElo "2141"]
[BlackElo "2110"]
[PlyCount "83"]
[EventDate "2005.??.??"]

1. e4 c5 2. Nc3 Nc6 3. f4 g6 4. Bb5 Bg7 5. Bxc6 dxc6 6. Nf3 Nh6 7. O-O O-O 8.
d3 b6 9. Qe1 f5 10. e5 e6 11. b3 Re8 12. Bd2 Nf7 13. h4 h5 14. Rd1 Ba6 15. Bc1
Qc7 16. Qg3 Kh7 17. Ng5+ Nxg5 18. hxg5 Rad8 19. Be3 Bf8 20. Qf2 Rd7 21. Rd2
Red8 22. Rfd1 Kg8 23. a4 Be7 24. Kf1 Rb8 25. Kg1 Qd8 26. Kh2 Qc7 27. Ne2 Kf7
28. Ng1 Rh8 29. Nf3 Qd8 30. c4 Bb7 31. d4 cxd4 32. Nxd4 Qc8 33. Qe2 Rhd8 34.
Rd3 Ba8 35. a5 Bb7 36. axb6 axb6 37. R1d2 c5 38. Nb5 Rxd3 39. Rxd3 Rxd3 40.
Qxd3 Qd8 41. Qxd8 Bxd8 42. Nd6+ 1-0

[Event "SR 2. liga A 2005/2006"]
[Site "?"]
[Date "2006.02.12"]
[Round "54.4"]
[White "Bednar, Jan"]
[Black "Kovarik, Oto"]
[Result "1-0"]
[WhiteElo "2146"]
[BlackElo "2108"]
[PlyCount "139"]
[EventDate "2005.??.??"]

1. e4 c5 2. Nf3 d6 3. d4 cxd4 4. Nxd4 Nc6 5. c4 Nf6 6. Nc3 g6 7. Be2 Bg7 8. Be3
O-O 9. O-O a6 10. Rc1 Bd7 11. Qd2 Nxd4 12. Bxd4 Bc6 13. Rfd1 Re8 14. f3 Rc8 15.
b4 Rf8 16. a4 Qc7 17. a5 Qb8 18. b5 axb5 19. cxb5 Bd7 20. Qb2 Be6 21. b6 Ne8
22. Be3 Nf6 23. Qb4 Bd7 24. Nb5 Bxb5 25. Bxb5 Rfd8 26. a6 bxa6 27. Bxa6 Rxc1
28. Rxc1 Nd7 29. b7 Nc5 30. Qb6 e6 31. Kf1 Bf8 32. Bg5 Rd7 33. Rb1 d5 34. Bf4
Qxf4 35. b8=Q Qe3 36. Qc8 Qa3 37. Be2 Rb7 38. Qbxb7 Nxb7 39. Rxb7 Qa1+ 40. Kf2
Qd4+ 41. Kf1 Qa1+ 42. Kf2 Qd4+ 43. Kg3 dxe4 44. Rd7 Qe5+ 45. f4 Qa1 46. Qe8 Qf6
47. Rd8 Qg7 48. h4 Qc3+ 49. Kh2 Qg7 50. Bc4 Qh6 51. g3 Qg7 52. Bxe6 fxe6 53.
Qxe6+ Kh8 54. Qxe4 Qb2+ 55. Kh3 Qg7 56. Qd4 Qxd4 57. Rxd4 Bc5 58. Rd7 Be3 59.
Kg2 Bc1 60. Kf3 Kg8 61. Kg4 Bb2 62. h5 gxh5+ 63. Kxh5 Bg7 64. g4 Kh8 65. Rb7
Kg8 66. f5 Be5 67. g5 Bf4 68. f6 Be3 69. Rg7+ Kh8 70. Re7 1-0

[Event "SR 2. liga A 2005/2006"]
[Site "?"]
[Date "2006.02.12"]
[Round "54.5"]
[White "Kubis, Ivan"]
[Black "Lauf, Pavol"]
[Result "0-1"]
[WhiteElo "2069"]
[BlackElo "2116"]
[PlyCount "58"]
[EventDate "2005.??.??"]

1. e4 e6 2. d4 c5 3. Nf3 d5 4. Nc3 Nf6 5. Bg5 dxe4 6. Nxe4 cxd4 7. Bxf6 gxf6 8.
Bb5+ Bd7 9. Bxd7+ Nxd7 10. Qxd4 Qa5+ 11. c3 O-O-O 12. Nxf6 Bc5 13. Qh4 Qb5 14.
Nxd7 Rxd7 15. Qe4 Rg8 16. a4 Bxf2+ 17. Kxf2 Qxb2+ 18. Ke3 Rxg2 19. Kf4 h5 20.
Rhg1 Rg4+ 21. Rxg4 hxg4 22. Ne5 Qf2+ 23. Kg5 f6+ 24. Kg6 fxe5 25. Qc4+ Kd8 26.
Rf1 Qc2+ 27. Kf6 Qxh2 28. Qc5 Qh6+ 29. Kxe5 Qg5+ 0-1

[Event "SR 2. liga A 2005/2006"]
[Site "?"]
[Date "2006.02.12"]
[Round "54.6"]
[White "Stefan, Oldrich"]
[Black "Pribila, Michal"]
[Result "1/2-1/2"]
[WhiteElo "2080"]
[BlackElo "2011"]
[PlyCount "45"]
[EventDate "2005.??.??"]

1. d4 d5 2. Nf3 Nf6 3. c4 e6 4. Nc3 c6 5. e3 Nbd7 6. Qc2 a6 7. a4 a5 8. b3 Be7
9. Be2 O-O 10. Bb2 Re8 11. O-O Bd6 12. Rac1 Qe7 13. Rfd1 h6 14. h3 Bb8 15. Nh2
dxc4 16. bxc4 e5 17. Nf1 Nf8 18. Ne4 Nxe4 19. Qxe4 exd4 20. Qxe7 Rxe7 21. Ba3
Re8 22. Rxd4 Ne6 23. Rd3 1/2-1/2

[Event "SR 2. liga A 2005/2006"]
[Site "?"]
[Date "2006.02.12"]
[Round "54.7"]
[White "Bilovsky, Milan"]
[Black "Bury, Rastislav"]
[Result "0-1"]
[WhiteElo "1889"]
[BlackElo "2076"]
[PlyCount "80"]
[EventDate "2005.??.??"]

1. c4 Nf6 2. d4 c5 3. d5 b5 4. a4 bxc4 5. Nc3 d6 6. e4 Ba6 7. f4 Nbd7 8. Nf3 e5
9. dxe6 fxe6 10. e5 dxe5 11. fxe5 Ng4 12. Bf4 Be7 13. h3 O-O 14. hxg4 Rxf4 15.
Qd2 Bg5 16. Nxg5 Qxg5 17. Qxd7 Rd4 18. Qxe6+ Kh8 19. Rd1 Qe3+ 20. Be2 Qg3+ 21.
Kf1 Rf8+ 22. Kg1 Bb7 23. Nd5 Bxd5 24. Qxd5 Rxd5 25. Rxd5 Qe3+ 26. Kh2 Qxe2 27.
Rhd1 Qxb2 28. e6 Qf6 29. Rf5 Qh4+ 30. Kg1 Rxf5 31. gxf5 Kg8 32. Rd7 Qe1+ 33.
Kh2 Qe5+ 34. Kg1 Kf8 35. Rxa7 Qxf5 36. Rf7+ Qxf7 37. exf7 Kxf7 38. a5 c3 39. a6
c2 40. a7 c1=Q+ 0-1

[Event "SR 2. liga A 2005/2006"]
[Site "?"]
[Date "2006.02.12"]
[Round "54.8"]
[White "Macka, Oto"]
[Black "Holly, Milan"]
[Result "1/2-1/2"]
[WhiteElo "1956"]
[BlackElo "1757"]
[PlyCount "54"]
[EventDate "2005.??.??"]

1. e4 b6 2. d4 e6 3. c4 Bb7 4. f3 Ne7 5. Nc3 Ng6 6. Be3 Bb4 7. Nge2 O-O 8. a3
Be7 9. Nc1 d5 10. Be2 Bg5 11. Qd2 Bxe3 12. Qxe3 Qh4+ 13. g3 Qd8 14. O-O Re8 15.
f4 dxe4 16. Nxe4 Nd7 17. Bf3 Rb8 18. b4 Nf6 19. Nb3 Nxe4 20. Bxe4 Bxe4 21. Qxe4
Qf6 22. Rad1 Ne7 23. Rd2 Rbd8 24. Rfd1 Rd7 25. Qe5 Red8 26. Qxf6 gxf6 27. Kf2
f5 1/2-1/2

[Event "SR 2. liga A 2005/2006"]
[Site "?"]
[Date "2006.03.11"]
[Round "55.1"]
[White "Lanc, Alois"]
[Black "Hrivnak, Martin"]
[Result "1-0"]
[WhiteElo "2419"]
[BlackElo "2177"]
[PlyCount "51"]
[EventDate "2005.??.??"]

1. e4 g6 2. d4 Bg7 3. Nc3 d6 4. f4 Nf6 5. Nf3 O-O 6. Bd3 a6 7. O-O c5 8. dxc5
dxc5 9. e5 Nd5 10. Nxd5 Qxd5 11. Qe2 Bf5 12. Bxf5 gxf5 13. Rd1 Qe6 14. Ng5 Qg6
15. e6 Nc6 16. exf7+ Kh8 17. c3 e5 18. Rd3 e4 19. Rh3 Bh6 20. Be3 b6 21. b4
Bxg5 22. fxg5 Qxf7 23. bxc5 f4 24. Rf1 fxe3 25. Rxf7 Rxf7 26. g6 1-0